000 00313nam a2200133 i 4500
001 bg
245 0 _aChopin i jego ziemia.
260 _aWarszawa,
_c1981.
040 _cBPK
041 _apol
080 _a779(084.12):[78.071.1:929]{438)"18"(084.12)
942 _cKS
008 s pl f |000 0 pol
999 _c20744
_d20744
856 _uhttp://koha.tu.koszalin.pl/cgi-bin/koha/opac-detail.pl?biblionumber=20744
_yKatalog online BPK